| 000 | 00709nam a22002057a 4500 | ||
|---|---|---|---|
| 999 |
_c17750 _d17750 |
||
| 003 | AR-CdUCM | ||
| 008 | 190509b ||||| |||| 00| 0 spa d | ||
| 040 |
_aMUNICIPALIDAD PROVINCIAL DEL CUSCO _cBIBLIOTECA MUNICIPAL DEL CUSCO |
||
| 082 |
_a332.65 / _bP87 |
||
| 110 |
_aCentro de estudios monetarios latinoamericanos _937918 |
||
| 245 | _aProblemas de pagos en America Latina / | ||
| 260 |
_aMexico : _bCentro de estudios monetarios latinoamericanos , _c1964. |
||
| 300 |
_a299 paginas ; _c22 cm. |
||
| 505 | _aContenido: Pagos y comercio respecto a America Latina | ||
| 650 |
_aPagos _922378 |
||
| 650 |
_aProblemas _99246 |
||
| 650 |
_aPagos _922378 |
||
| 942 |
_2ddc _cLIBROS |
||
| 945 |
_apjha _d2019-05-09 |
||